Možnosti zvyšovania výkonnosti podniku diplomová práca

Salvato in:
Dettagli Bibliografici
Autore principale: Bajčiová, Jana
Ente Autore: Ekonomická univerzita v Bratislave. Fakulta podnikového manažmentu
Altri autori: Matušovič, Martin
Natura: Libro
Lingua:slovacco
Pubblicazione: Bratislava 2010
Tags: Aggiungi Tag
Nessun Tag, puoi essere il primo ad aggiungerne!!

MARC

LEADER 00000nam a2200000 4500
001 0122475
005 20240318122822.5
041 0 |a slo 
044 |a SK 
245 1 0 |a Možnosti zvyšovania výkonnosti podniku  |b diplomová práca  |c Jana Bajčiová ; škol. Martin Matušovič 
264 1 |a Bratislava  |c 2010 
300 |a 65 s. 
100 1 |a Bajčiová, Jana 
700 1 |a Matušovič, Martin 
710 2 |a Ekonomická univerzita v Bratislave. Fakulta podnikového manažmentu